000 00965nam a2200277Ia 4500
003 OSt
005 20220930190040.0
006 a|||||r|||| 00| 0
007 ta
008 220926b |||||||| |||| 00| 0 hin d
020 _c75
024 _a92790
037 _b530, 19/03/2009, Vani Prakashan
_cTextbook
040 _aCRL
_cCRL
_bhin
041 _2hin
_ahin
082 _aO155,1M66w, 152K7
100 _aमाचवे, प्रभाकर
245 0 _aकेशवसुत
246 _aKeshavasuta
250 _aदूसरा संस्करण
260 _aनई दिल्ली,
_bसाहित्य अकादेमी, भारत
_c1967
300 _a77पृ0
_ccm.
490 _aभारतीय साहित्य के निर्माता
942 _hO155,1M66w, 152K7
_cTB
_2CC
999 _c891521
_d891521